[Event "VII Festival Magistrale"]
[Site "Porto San Giorgio ITA"]
[Date "1995.08.??"]
[Round "7"]
[White "Godena, Michele"]
[Black "Seul, Georg"]
[Result "1-0"]
[WhiteElo "2420"]
[BlackElo "2430"]
[PlyCount "95"]
[EventDate "1995.08.21"]

1. e4 d6 2. d4 g6 3. Nf3 Bg7 4. c3 Nf6 5. Bd3 O-O 6. O-O c5 7. h3 Na6 8. Re1
cxd4 9. cxd4 Nb4 10. Bf1 d5 11. e5 Ne4 12. Nc3 Nxc3 13. bxc3 Nc6 14. Rb1 Na5
15. Bd3 Be6 16. Ng5 Qc8 17. Ba3 Re8 18. Qf3 Qxc3 19. Bb4 Qc7 20. Nxe6 fxe6 21.
Qg4 Nc6 22. Bd2 Rf8 23. Qxe6+ Kh8 24. Be3 Rad8 25. h4 Qd7 26. Qxd7 Rxd7 27.
Rec1 e6 28. g3 Rc8 29. Kg2 Rdc7 30. h5 Ne7 31. Rh1 Kg8 32. hxg6 hxg6 33. g4 Kf7
34. Rh3 Rh8 35. Rf3+ Ke8 36. Bg5 Rf8 37. Rxf8+ Kxf8 38. Bxe7+ Kxe7 39. Bxg6 b6
40. f4 Rc4 41. Rd1 Ra4 42. Rd2 Ra3 43. f5 exf5 44. gxf5 Bh6 45. Rc2 Be3 46. f6+
Ke6 47. Rc6+ Kd7 48. e6+ 1-0

[Event "VII Festival Magistrale"]
[Site "Porto San Giorgio ITA"]
[Date "1995.08.??"]
[Round "7"]
[White "Lagumina, Giulio"]
[Black "Naumkin, Igor"]
[Result "0-1"]
[WhiteElo "2260"]
[BlackElo "2455"]
[PlyCount "82"]
[EventDate "1995.08.21"]

1. e4 e6 2. d4 d5 3. Nc3 Bb4 4. e5 c5 5. dxc5 Nc6 6. Nf3 Nge7 7. Bd3 Bxc5 8.
O-O Ng6 9. Re1 a6 10. a3 O-O 11. b4 Ba7 12. b5 Na5 13. Ng5 h6 14. Nxf7 Rxf7 15.
Bxg6 Bxf2+ 16. Kh1 Rf8 17. Rf1 Nc4 18. Qh5 Bd7 19. Nd1 Qh4 20. Nxf2 Rxf2 21.
Bf7+ Kf8 22. Be3 Qxh5 23. Bxh5 Rxf1+ 24. Rxf1+ Kg8 25. Bc5 Rc8 26. Bd6 Nxd6 27.
exd6 axb5 28. Bf7+ Kh7 29. h4 h5 30. Bxh5 Rc6 31. Be2 Rxd6 32. Rb1 Kg6 33. Bxb5
Bxb5 34. Rxb5 Rc6 35. Rxb7 Rxc2 36. h5+ Kf6 37. g4 d4 38. Rb5 d3 39. g5+ Ke7
40. Rb7+ Kd6 41. Rb3 d2 0-1

[Event "VII Festival Magistrale"]
[Site "Porto San Giorgio ITA"]
[Date "1995.08.??"]
[Round "7"]
[White "Marinelli, Tullio"]
[Black "Bruno, Fabio"]
[Result "1-0"]
[WhiteElo "2440"]
[BlackElo "2245"]
[PlyCount "93"]
[EventDate "1995.08.21"]

1. d4 Nf6 2. c4 e6 3. Nc3 Bb4 4. e3 b6 5. Bd3 Bb7 6. Nf3 Bxc3+ 7. bxc3 d6 8.
O-O Qe7 9. Re1 e5 10. e4 Nfd7 11. Be3 c5 12. d5 Nf8 13. Nd2 Nbd7 14. a4 a5 15.
Rb1 h5 16. Rb2 g5 17. Nf1 Ng6 18. Ng3 Nf4 19. Nf5 Qf6 20. Bf1 O-O-O 21. Qd2 Kc7
22. Reb1 Ba6 23. h4 Rhg8 24. f3 g4 25. Bxf4 exf4 26. Qxf4 gxf3 27. Qxf3 Rg4 28.
Rf2 Qe5 29. Re1 Rdg8 30. Re3 Qf6 31. Qd1 Ne5 32. Be2 Rxh4 33. Nxh4 Qxh4 34. Qf1
Bc8 35. Rxf7+ Bd7 36. Rh7 Qg5 37. Qf2 Rf8 38. Rxh5 Qg7 39. Qg3 Qf6 40. Rxe5
dxe5 41. Rf3 Qe7 42. Rxf8 Qxf8 43. Qxe5+ Qd6 44. Qg5 Bxa4 45. e5 Qf8 46. d6+
Kb8 47. Qf6 1-0

[Event "VII Festival Magistrale"]
[Site "Porto San Giorgio ITA"]
[Date "1995.08.??"]
[Round "7"]
[White "Mascellani, Marco"]
[Black "Vivo, Mario"]
[Result "1/2-1/2"]
[WhiteElo "1881"]
[BlackElo "2125"]
[PlyCount "50"]
[EventDate "1995.08.21"]

1. e4 d6 2. d4 Nf6 3. Nc3 g6 4. Bg5 Bg7 5. Qd2 c6 6. Bh6 Bxh6 7. Qxh6 Qa5 8.
Bd3 Na6 9. Qd2 Qb4 10. e5 dxe5 11. dxe5 Ng4 12. Nf3 h5 13. Bxa6 bxa6 14. O-O
Be6 15. Ng5 O-O 16. Nxe6 fxe6 17. h3 Nxe5 18. Rae1 Rf5 19. Qh6 Qh4 20. f4 Nf3+
21. Rxf3 Qxe1+ 22. Kh2 h4 23. Qxg6+ Kh8 24. Qh6+ Kg8 25. Qg6+ Kh8 1/2-1/2

[Event "VII Festival Magistrale"]
[Site "Porto San Giorgio ITA"]
[Date "1995.08.??"]
[Round "7"]
[White "Mrdja, Milan"]
[Black "Guido, Flavio"]
[Result "1-0"]
[WhiteElo "2450"]
[BlackElo "2300"]
[PlyCount "101"]
[EventDate "1995.08.21"]

1. e4 c5 2. Nf3 e6 3. d4 cxd4 4. Nxd4 Nf6 5. Nc3 d6 6. Be3 a6 7. Qd2 Be7 8. f3
Nc6 9. g4 O-O 10. O-O-O Nxd4 11. Bxd4 b5 12. Kb1 Bb7 13. Qf2 Nd7 14. h4 Qc7 15.
g5 Rac8 16. a3 Ne5 17. Rg1 Rfe8 18. h5 Bf8 19. f4 Nc4 20. g6 e5 21. Bxc4 Qxc4
22. fxe5 dxe5 23. Be3 Rc7 24. Nd5 Bxd5 25. exd5 Qe4 26. gxf7+ Rxf7 27. Qd2 Rc8
28. Rge1 Qc4 29. Bb6 Bd6 30. Ba5 Rcf8 31. Bb4 Rf2 32. Qd3 Qc7 33. Bxd6 Qxd6 34.
Qe4 R2f5 35. h6 g6 36. Re3 Rc8 37. Rg3 Kh8 38. Rf3 Rc4 39. Qe2 e4 40. Rff1 Kg8
41. Rxf5 gxf5 42. Rg1+ Kf8 43. Qg2 Qg6 44. Qh2 Qb6 45. Qg3 Qxh6 46. Qg8+ Ke7
47. Rg7+ Kd6 48. Qf8+ Kxd5 49. Rd7+ Kc6 50. Qc8+ Kb6 51. Qd8+ 1-0

[Event "VII Festival Magistrale"]
[Site "Porto San Giorgio ITA"]
[Date "1995.08.??"]
[Round "7"]
[White "Saetta, Alfredo"]
[Black "Collutiis, Duilio"]
[Result "0-1"]
[WhiteElo "1939"]
[BlackElo "2017"]
[PlyCount "46"]
[EventDate "1995.08.21"]

1. e4 c5 2. Nf3 Nc6 3. d4 cxd4 4. Nxd4 Nf6 5. Nc3 d6 6. Be3 e6 7. Be2 Be7 8. f4
a6 9. Qd2 O-O 10. O-O-O Nxd4 11. Bxd4 b5 12. Bf3 Nd7 13. Qf2 Qa5 14. Qg3 e5 15.
fxe5 dxe5 16. Be3 Re8 17. h4 Bf8 18. h5 Nb6 19. Bh6 Kh8 20. Bg5 f6 21. Bd2 b4
22. Nd5 Qxa2 23. Bxb4 Nc4 0-1

[Event "VII Festival Magistrale"]
[Site "Porto San Giorgio ITA"]
[Date "1995.08.??"]
[Round "7"]
[White "Vujovic, Milorad"]
[Black "Altini, Daniele"]
[Result "1/2-1/2"]
[WhiteElo "2305"]
[BlackElo "2265"]
[PlyCount "42"]
[EventDate "1995.08.21"]

1. e4 c5 2. Nf3 e6 3. Nc3 Nc6 4. g3 d6 5. Bg2 Nf6 6. O-O Be7 7. d4 cxd4 8. Nxd4
Bd7 9. Ndb5 Qb8 10. Bg5 a6 11. Bxf6 gxf6 12. Nd4 b5 13. Nxc6 Bxc6 14. Qh5 Qb7
15. Rfe1 f5 16. Nd5 exd5 17. exd5 Bxd5 18. Rxe7+ Kxe7 19. Re1+ Kf8 20. Qh6+ Kg8
21. Qg5+ Kf8 1/2-1/2

[Event "VII Festival Magistrale"]
[Site "Porto San Giorgio ITA"]
[Date "1995.08.??"]
[Round "7"]
[White "Zlochevskij, Alexander"]
[Black "Drazic, Sinisa"]
[Result "1/2-1/2"]
[WhiteElo "2465"]
[BlackElo "2405"]
[PlyCount "43"]
[EventDate "1995.08.21"]

1. d4 e6 2. c4 Nf6 3. Nf3 Bb4+ 4. Bd2 c5 5. Bxb4 cxb4 6. g3 b6 7. Bg2 Bb7 8.
O-O a5 9. Qd3 O-O 10. Nbd2 d6 11. e4 e5 12. Ne1 Nc6 13. Nc2 Nxd4 14. Nxd4 exd4
15. Nb3 Re8 16. Rfe1 Nd7 17. Nxd4 Nc5 18. Qc2 Qf6 19. Rad1 Rad8 20. Re2 h5 21.
h4 g6 22. f3 1/2-1/2

[Event "VII Festival Magistrale"]
[Site "Porto San Giorgio ITA"]
[Date "1995.08.??"]
[Round "8"]
[White "Aleksic, Nenad"]
[Black "Zlochevskij, Alexander"]
[Result "0-1"]
[WhiteElo "2445"]
[BlackElo "2465"]
[PlyCount "70"]
[EventDate "1995.08.21"]

1. e4 g6 2. d4 Bg7 3. Nc3 d6 4. Bg5 c6 5. Qd2 b5 6. f4 Nd7 7. Nf3 Nb6 8. Bd3
Bg4 9. e5 Nh6 10. Ne4 Nf5 11. Ng3 Nxg3 12. hxg3 h6 13. Bh4 Qd7 14. O-O-O Nd5
15. Rde1 O-O 16. Kb1 a5 17. Nh2 Be6 18. Be4 b4 19. g4 dxe5 20. f5 gxf5 21. gxf5
Bxf5 22. Bxf5 Qxf5 23. dxe5 Rfb8 24. Nf3 Qe6 25. Ka1 c5 26. Rd1 Rd8 27. g4 a4
28. Bg3 a3 29. b3 Qxg4 30. Qf2 Nc3 31. Rdg1 Ne4 32. Qe3 Nxg3 33. Rxg3 Qxg3 34.
Rg1 Qh3 35. Qf4 Ra6 0-1

[Event "VII Festival Magistrale"]
[Site "Porto San Giorgio ITA"]
[Date "1995.08.??"]
[Round "8"]
[White "Bruno, Fabio"]
[Black "Mascellani, Marco"]
[Result "1/2-1/2"]
[WhiteElo "2245"]
[BlackElo "1881"]
[PlyCount "50"]
[EventDate "1995.08.21"]

1. d4 Nf6 2. Bg5 d5 3. Bxf6 exf6 4. c4 dxc4 5. e3 Be6 6. Nc3 Bb4 7. Nh3 Bxh3 8.
gxh3 c5 9. dxc5 Nc6 10. Bxc4 Bxc3+ 11. bxc3 Qa5 12. Qb3 O-O 13. Rg1 Qxc5 14.
Qb5 Qa3 15. Bb3 a5 16. Qxb7 Ne5 17. Rb1 a4 18. Bd5 Qxc3+ 19. Kf1 Rad8 20. Kg2
Rd7 21. Qb5 Qc2 22. Rgd1 h6 23. e4 Qc3 24. Qe2 Ng6 25. Qe3 Qe5 1/2-1/2

[Event "VII Festival Magistrale"]
[Site "Porto San Giorgio ITA"]
[Date "1995.08.??"]
[Round "8"]
[White "Coppini, Giorgio"]
[Black "Vujovic, Milorad"]
[Result "1-0"]
[WhiteElo "2210"]
[BlackElo "2305"]
[PlyCount "49"]
[EventDate "1995.08.21"]

1. e4 c5 2. d3 Nc6 3. Nd2 g6 4. f4 Bg7 5. Ngf3 d6 6. Be2 e6 7. O-O Nh6 8. h3
O-O 9. c3 f5 10. Nb3 Nf7 11. Be3 b6 12. Qc2 d5 13. e5 h6 14. Qd2 Kh7 15. d4 c4
16. Nc1 Rb8 17. b4 a6 18. a3 Bd7 19. Bd1 Rg8 20. Bc2 Bf8 21. g4 Ne7 22. g5 h5
23. Ne2 Nc8 24. Ng3 Nh8 25. Ne1 1-0

[Event "VII Festival Magistrale"]
[Site "Porto San Giorgio ITA"]
[Date "1995.08.??"]
[Round "8"]
[White "Drazic, Sinisa"]
[Black "Guido, Flavio"]
[Result "1-0"]
[WhiteElo "2405"]
[BlackElo "2300"]
[PlyCount "63"]
[EventDate "1995.08.21"]

1. d4 f5 2. g3 Nf6 3. Bg2 g6 4. Nf3 Bg7 5. O-O O-O 6. b3 d6 7. Bb2 Qe8 8. Nbd2
Nc6 9. Nc4 e6 10. a4 h6 11. e3 g5 12. Ne1 Bd7 13. Nd3 Nd8 14. Qe2 a5 15. Nd2
Nc6 16. e4 fxe4 17. Nxe4 Nd5 18. c3 Qg6 19. Rae1 Rae8 20. Nd2 Re7 21. Nc4 b6
22. Na3 Kh8 23. Nb5 Be8 24. Be4 Qf7 25. f4 Qg8 26. fxg5 Rxf1+ 27. Qxf1 h5 28.
Bxd5 exd5 29. Rxe7 Nxe7 30. Nxc7 Bg6 31. Nf4 Be4 32. Qh3 1-0

[Event "VII Festival Magistrale"]
[Site "Porto San Giorgio ITA"]
[Date "1995.08.??"]
[Round "8"]
[White "Jenssen, Jens"]
[Black "Misiano, Franco"]
[Result "0-1"]
[WhiteElo "2170"]
[BlackElo "1984"]
[PlyCount "68"]
[EventDate "1995.08.21"]

1. e4 e6 2. d4 d5 3. e5 c5 4. c3 Nc6 5. Nf3 Qb6 6. a3 c4 7. g3 f6 8. exf6 Nxf6
9. Qe2 Bd6 10. Bg2 O-O 11. O-O Kh8 12. Nbd2 Bd7 13. Ne5 Be8 14. f4 Bh5 15. Ndf3
Bxe5 16. fxe5 Ne4 17. Be3 Bg4 18. Rae1 Rf5 19. Qc2 Raf8 20. Nh4 Rxf1+ 21. Rxf1
Rxf1+ 22. Kxf1 Nxe5 23. Bxe4 dxe4 24. Qf2 Nf3 25. Kg2 Qb3 26. Ng6+ hxg6 27. h3
Bh5 28. g4 Qd1 29. d5 exd5 30. Kg3 Kh7 31. gxh5 gxh5 32. Kf4 Qe1 33. Qg2 Qh4+
34. Kf5 Qf6# 0-1

[Event "VII Festival Magistrale"]
[Site "Porto San Giorgio ITA"]
[Date "1995.08.??"]
[Round "8"]
[White "Luciani, Valerio"]
[Black "Agnelli, Francesco"]
[Result "0-1"]
[WhiteElo "2175"]
[BlackElo "1979"]
[PlyCount "66"]
[EventDate "1995.08.21"]

1. e4 c5 2. Nf3 Nc6 3. Bb5 Qc7 4. c3 g6 5. O-O Bg7 6. Re1 a6 7. Bf1 d6 8. h3
Nf6 9. d3 O-O 10. Be3 h6 11. Nbd2 g5 12. Nh2 Ne5 13. d4 Ng6 14. a4 b6 15. f3
Nh5 16. g4 Nhf4 17. Nb3 Be6 18. d5 Bd7 19. Qd2 b5 20. a5 Be5 21. Nc1 Kg7 22.
Nd3 Nxd3 23. Qxd3 Rfb8 24. Qd2 b4 25. c4 Qd8 26. Bd3 Qh8 27. Nf1 Kf8 28. Reb1
Qf6 29. Qe2 Kg7 30. Ra2 Rh8 31. b3 h5 32. Kf2 hxg4 33. hxg4 Bxg4 0-1

[Event "VII Festival Magistrale"]
[Site "Porto San Giorgio ITA"]
[Date "1995.08.??"]
[Round "8"]
[White "Moncelli, Giorgio"]
[Black "Lagumina, Giulio"]
[Result "0-1"]
[WhiteElo "2017"]
[BlackElo "2260"]
[PlyCount "96"]
[EventDate "1995.08.21"]

1. d4 d5 2. c4 e6 3. Nc3 c6 4. cxd5 exd5 5. Nf3 Nf6 6. Bg5 Bf5 7. e3 Nbd7 8.
Bd3 Bxd3 9. Qxd3 Be7 10. O-O O-O 11. Qc2 Ne4 12. Bf4 Ndf6 13. Rab1 a5 14. Ne5
Re8 15. Na4 Nh5 16. a3 Nxf4 17. exf4 f6 18. Nd3 Bf8 19. Rfe1 Qc7 20. g3 b6 21.
Rbc1 Rac8 22. Nc3 Qb7 23. Rcd1 Nd6 24. b3 Nf5 25. Rxe8 Rxe8 26. Nc1 g6 27. a4
Qd7 28. N1e2 Qe6 29. Qd3 Bb4 30. Kg2 h5 31. h4 Re7 32. Rc1 Kg7 33. Rc2 Nd6 34.
Ng1 Ne4 35. Na2 c5 36. Nxb4 cxb4 37. Re2 Qd7 38. f5 gxf5 39. Nh3 Nc3 40. Rxe7+
Qxe7 41. Qxf5 Qe4+ 42. Qf3 Nxa4 43. Nf4 Nc3 44. Nxh5+ Kf7 45. Nf4 a4 46. bxa4
b3 47. Nd3 Qxf3+ 48. Kxf3 Nxa4 0-1

[Event "VII Festival Magistrale"]
[Site "Porto San Giorgio ITA"]
[Date "1995.08.??"]
[Round "8"]
[White "Naumkin, Igor"]
[Black "Marinelli, Tullio"]
[Result "1-0"]
[WhiteElo "2455"]
[BlackElo "2440"]
[PlyCount "91"]
[EventDate "1995.08.21"]

1. d4 Nf6 2. c4 e6 3. Nf3 b6 4. g3 Bb7 5. Bg2 Be7 6. Nc3 Ne4 7. Bd2 f5 8. d5
Bf6 9. Qc2 Qe7 10. Rd1 Na6 11. O-O Nac5 12. b4 Bxc3 13. Bxc3 Nxc3 14. Qxc3 Ne4
15. Qb3 e5 16. Nh4 g6 17. Bxe4 fxe4 18. c5 d6 19. Qa4+ Kf7 20. Qc2 dxc5 21.
bxc5 Qxc5 22. Qxe4 Rhe8 23. Nf3 Qe7 24. Rd3 Rad8 25. Rfd1 Kg8 26. h4 Rd6 27.
Ng5 h6 28. Nf3 Kg7 29. Re3 c6 30. Nxe5 cxd5 31. Qd4 Qf6 32. Rc1 Rde6 33. f4
R8e7 34. Ra3 g5 35. hxg5 hxg5 36. Rf1 gxf4 37. gxf4 Kf8 38. Rg3 Rg7 39. Rff3 a5
40. Rxg7 Qxg7+ 41. Kf2 Rh6 42. Rg3 Qh7 43. Ng4 Qh8 44. Qd3 Re6 45. Rh3 Qb2 46.
Ne5 1-0

[Event "VII Festival Magistrale"]
[Site "Porto San Giorgio ITA"]
[Date "1995.08.??"]
[Round "8"]
[White "Negrini, Claudio"]
[Black "Farina, Saverio"]
[Result "1/2-1/2"]
[WhiteElo "2315"]
[BlackElo "2135"]
[PlyCount "91"]
[EventDate "1995.08.21"]

1. e4 e6 2. d4 d5 3. e5 c5 4. c3 Nc6 5. Nf3 Qb6 6. a3 c4 7. g3 f6 8. Qe2 fxe5
9. Nxe5 Nxe5 10. Qxe5 Nf6 11. Bg2 Bd6 12. Qe2 O-O 13. Nd2 e5 14. dxe5 Bg4 15.
Nf3 Bxe5 16. Be3 Qc7 17. O-O Ne4 18. h3 Bxf3 19. Bxf3 Rae8 20. Rad1 Kh8 21. Bg2
Qf7 22. Qc2 Qg6 23. Rxd5 Nxg3 24. Qxg6 Ne2+ 25. Kh1 hxg6 26. Rd7 Bb8 27. Bd4
Nxd4 28. Rxd4 Rf4 29. Bxb7 Rxd4 30. cxd4 Re2 31. Bd5 Rxb2 32. Bxc4 Bd6 33. Bd3
Bxa3 34. Bxg6 Kg8 35. Ra1 Rb3 36. Kg2 a5 37. d5 Kf8 38. Re1 Rb8 39. Re5 Bd6 40.
Rf5+ Kg8 41. Bf7+ Kf8 42. Be6+ Ke8 43. Rf7 a4 44. Ra7 a3 45. Bf7+ Kd8 46. Be6
1/2-1/2

[Event "VII Festival Magistrale"]
[Site "Porto San Giorgio ITA"]
[Date "1995.08.??"]
[Round "8"]
[White "Sedina, Elena"]
[Black "Godena, Michele"]
[Result "1-0"]
[WhiteElo "2350"]
[BlackElo "2420"]
[PlyCount "79"]
[EventDate "1995.08.21"]

1. e4 c5 2. Nf3 Nc6 3. Bb5 e6 4. O-O Nge7 5. c3 a6 6. Ba4 d5 7. exd5 Nxd5 8.
Ne5 Qc7 9. Nxc6 Bd7 10. Ne5 Qxe5 11. Bxd7+ Kxd7 12. d4 cxd4 13. Re1 Qf6 14. Nd2
Bc5 15. Ne4 Qe7 16. cxd4 Bb4 17. Bg5 f6 18. Bd2 Bd6 19. Nc3 Nxc3 20. bxc3 Ke8
21. c4 Rd8 22. Rb1 Kf7 23. Qh5+ g6 24. Qf3 Rd7 25. c5 Bxc5 26. dxc5 Rxd2 27.
Rxb7 Rd7 28. Reb1 Rc8 29. c6 Rdc7 30. h4 h5 31. Rd1 Rxb7 32. cxb7 Rb8 33. Rb1
Qc7 34. g3 f5 35. a4 Qc2 36. Rb4 a5 37. Qf4 Qd1+ 38. Kh2 axb4 39. Qxb8 Qf3 40.
Qa7 1-0

[Event "VII Festival Magistrale"]
[Site "Porto San Giorgio ITA"]
[Date "1995.08.??"]
[Round "8"]
[White "Seul, Georg"]
[Black "Di Donna, Massimo"]
[Result "1-0"]
[WhiteElo "2430"]
[BlackElo "2230"]
[PlyCount "67"]
[EventDate "1995.08.21"]

1. d4 d5 2. Bg5 h6 3. Bh4 c5 4. Nc3 Nc6 5. e3 Qa5 6. Nf3 Bg4 7. Be2 Bxf3 8.
Bxf3 cxd4 9. exd4 e6 10. O-O g5 11. Bg3 Bg7 12. Ne2 Nge7 13. c3 O-O 14. Bd6
Rad8 15. Ba3 Rfe8 16. Re1 Nf5 17. Ng3 Nxg3 18. hxg3 Ne7 19. Be2 b5 20. Bc5 Qc7
21. Bxb5 Nc6 22. Qa4 Rc8 23. Bxc6 Qxc6 24. Qxc6 Rxc6 25. Bxa7 Bf8 26. a4 Ra8
27. Bc5 Bxc5 28. dxc5 Rxc5 29. Ra3 Rc4 30. a5 Kg7 31. Rea1 e5 32. Ra4 Rc5 33.
a6 Ra7 34. Ra5 1-0

[Event "VII Festival Magistrale"]
[Site "Porto San Giorgio ITA"]
[Date "1995.08.??"]
[Round "8"]
[White "Vivo, Mario"]
[Black "Bellomo, Francesco"]
[Result "0-1"]
[WhiteElo "2125"]
[BlackElo "2360"]
[PlyCount "69"]
[EventDate "1995.08.21"]

1. c4 Nf6 2. Nc3 g6 3. g3 Bg7 4. Bg2 O-O 5. Rb1 c6 6. e4 e5 7. Nge2 d6 8. O-O
Nbd7 9. d4 exd4 10. Nxd4 Re8 11. Re1 Nc5 12. Bf4 Ne6 13. Be3 Ng4 14. Qxg4 Nxd4
15. Qd1 Qf6 16. e5 dxe5 17. Bxd4 Bf5 18. Be3 Bxb1 19. Qxb1 Qe6 20. b3 f5 21.
Nd5 Qd7 22. Nc3 Qf7 23. Na4 e4 24. c5 Qf6 25. h4 h6 26. Qc1 Kh7 27. Re2 Rad8
28. Nb2 Rd5 29. Nc4 Red8 30. Re1 Rd3 31. Bf1 R3d7 32. Nd6 b5 33. b4 a5 34. a3
axb4 35. axb4 0-1

[Event "VII Festival Magistrale"]
[Site "Porto San Giorgio ITA"]
[Date "1995.08.??"]
[Round "9"]
[White "Agnelli, Francesco"]
[Black "Zucchelli, Massimo"]
[Result "1-0"]
[WhiteElo "1979"]
[BlackElo "2195"]
[PlyCount "91"]
[EventDate "1995.08.21"]

1. e4 e6 2. d4 d5 3. Nc3 Bb4 4. e5 c5 5. a3 Bxc3+ 6. bxc3 Ne7 7. Qg4 O-O 8. Bd3
Nbc6 9. Bg5 Qa5 10. Ne2 cxd4 11. f4 Ng6 12. Qh5 Qc7 13. O-O h6 14. Bxh6 gxh6
15. Qxh6 Qe7 16. Ng3 f5 17. Qxg6+ Qg7 18. Qxg7+ Kxg7 19. Nh5+ Kf7 20. cxd4 Nxd4
21. Nf6 b6 22. c3 Nb3 23. Rad1 Nc5 24. Rf3 Bb7 25. Rg3 Rh8 26. Be2 Rad8 27. Rd4
a6 28. c4 Ne4 29. Bh5+ Rxh5 30. Nxh5 Nxg3 31. Nxg3 Rc8 32. cxd5 Rc1+ 33. Kf2
Bxd5 34. Nxf5 Rc2+ 35. Ke3 Rxg2 36. Nd6+ Ke7 37. Rd2 Rg1 38. f5 Ra1 39. f6+ Kf8
40. Rc2 Rxa3+ 41. Kd2 Kg8 42. Rc8+ Kh7 43. f7 Ra2+ 44. Kc1 Ra1+ 45. Kb2 Ra2+
46. Kb1 1-0

[Event "VII Festival Magistrale"]
[Site "Porto San Giorgio ITA"]
[Date "1995.08.??"]
[Round "9"]
[White "Drazic, Sinisa"]
[Black "Naumkin, Igor"]
[Result "1-0"]
[WhiteElo "2405"]
[BlackElo "2455"]
[PlyCount "57"]
[EventDate "1995.08.21"]

1. e4 e5 2. Nf3 Nc6 3. Bc4 Bc5 4. c3 Qe7 5. O-O Nf6 6. d4 Bb6 7. d5 Nd8 8. Bd3
d6 9. Na3 a6 10. Nc4 Ba7 11. a4 h6 12. h3 O-O 13. Bc2 Nh7 14. b4 f5 15. exf5
Bxf5 16. Be3 Bxe3 17. Nxe3 Bxc2 18. Qxc2 Nf6 19. Rad1 Nf7 20. Nh4 Rfe8 21. Nef5
Qd7 22. Nxg7 Kxg7 23. Qg6+ Kh8 24. Qxf6+ Kh7 25. Qg6+ Kh8 26. Qf6+ Kh7 27. Rd3
Rg8 28. Rg3 Rae8 29. Nf5 1-0

[Event "VII Festival Magistrale"]
[Site "Porto San Giorgio ITA"]
[Date "1995.08.??"]
[Round "9"]
[White "Godena, Michele"]
[Black "Coppini, Giorgio"]
[Result "1-0"]
[WhiteElo "2420"]
[BlackElo "2210"]
[PlyCount "111"]
[EventDate "1995.08.21"]

1. e4 d6 2. d4 Nf6 3. Bd3 e5 4. c3 Be7 5. Nf3 Nbd7 6. O-O c6 7. Re1 Qc7 8. Nbd2
O-O 9. a4 Re8 10. Nc4 b6 11. Bg5 a6 12. Qb3 Nh5 13. Bxe7 Rxe7 14. Qa3 Re6 15.
Rad1 Rf6 16. Bf1 Rxf3 17. gxf3 c5 18. dxc5 dxc5 19. Qb3 Qd8 20. Nxe5 Qg5+ 21.
Ng4 Ne5 22. Bg2 Nxf3+ 23. Bxf3 Bxg4 24. Qd5 Qxd5 25. Rxd5 Bxf3 26. Re3 Nf6 27.
Rxf3 Nxd5 28. exd5 f6 29. c4 a5 30. Re3 Kf7 31. Re6 Rb8 32. Kg2 Rb7 33. Rc6 Ke7
34. f4 Kd7 35. Kf3 Rb8 36. h4 Rb7 37. h5 Rb8 38. h6 gxh6 39. Rxf6 h5 40. Rh6
Ke7 41. Rxh7+ Kf6 42. Rh6+ Kf5 43. Rxh5+ Kg6 44. Re5 Rh8 45. Ke4 Rh2 46. Re6+
Kf7 47. Rxb6 Rc2 48. b3 Rc3 49. Kf5 Ke7 50. d6+ Kd7 51. Ke5 Re3+ 52. Kd5 Rh3
53. Rb7+ Kc8 54. Kc6 Rh6 55. Ra7 Kb8 56. Rxa5 1-0

[Event "VII Festival Magistrale"]
[Site "Porto San Giorgio ITA"]
[Date "1995.08.??"]
[Round "9"]
[White "Guido, Flavio"]
[Black "Aleksic, Nenad"]
[Result "0-1"]
[WhiteElo "2300"]
[BlackElo "2445"]
[PlyCount "84"]
[EventDate "1995.08.21"]

1. e4 c5 2. c3 b6 3. d4 Bb7 4. Bd3 e6 5. Nf3 Nf6 6. Qe2 Be7 7. O-O d6 8. Rd1
cxd4 9. cxd4 O-O 10. Nc3 Nbd7 11. Bf4 Nh5 12. Be3 Nhf6 13. Rac1 Rc8 14. Ba6 Rc7
15. Bxb7 Rxb7 16. e5 Ne8 17. d5 exd5 18. Nxd5 dxe5 19. Qa6 Rb8 20. Qxa7 Bd6 21.
Ng5 Rc8 22. Ne4 Rxc1 23. Rxc1 Bb8 24. Qb7 Nd6 25. Nxd6 Bxd6 26. Nxb6 Nxb6 27.
Bxb6 Qh4 28. Be3 h6 29. Qd7 Qb4 30. a3 Qb8 31. b4 Rd8 32. Qc6 Bf8 33. g3 Kh8
34. Qe4 Qd6 35. Kg2 Qe6 36. Rc6 Qe8 37. Rc7 Qe6 38. Qc6 Qf5 39. Qc4 f6 40. a4
e4 41. Qc2 Qf3+ 42. Kh3 Rd5 0-1

[Event "VII Festival Magistrale"]
[Site "Porto San Giorgio ITA"]
[Date "1995.08.??"]
[Round "9"]
[White "Moncelli, Giorgio"]
[Black "Di Lazzaro, Gabriele"]
[Result "0-1"]
[WhiteElo "2017"]
[BlackElo "2115"]
[PlyCount "66"]
[EventDate "1995.08.21"]

1. d4 g6 2. c4 Bg7 3. Nc3 c5 4. d5 d6 5. e4 Nf6 6. f3 O-O 7. Bg5 h6 8. Be3 a6
9. Qd2 Kh7 10. a4 b6 11. Nge2 Qc7 12. Nc1 e6 13. Be2 exd5 14. cxd5 Nbd7 15. O-O
Re8 16. Nd3 Bb7 17. Nf2 Re7 18. f4 Rae8 19. e5 dxe5 20. d6 Qc6 21. Bf3 e4 22.
dxe7 exf3 23. g3 Rxe7 24. Rfe1 Ng4 25. Ncd1 Ndf6 26. Ra3 Ne4 27. Qc2 c4 28. a5
b5 29. Bb6 Nexf2 30. Rxe7 Nxd1 31. Rxb7 f2+ 32. Bxf2 Ndxf2 33. Kf1 Qxb7 0-1

[Event "VII Festival 2N"]
[Site "Porto San Giorgio ITA"]
[Date "1995.08.??"]
[Round "6"]
[White "Iodice, Fabio"]
[Black "Distratis, Gianluca"]
[Result "0-1"]
[WhiteElo "1597"]
[BlackElo "1621"]
[PlyCount "100"]
[EventDate "1995.08.21"]

1. Nf3 Nf6 2. c4 g6 3. d4 Bg7 4. g3 d5 5. cxd5 Nxd5 6. Bg2 c5 7. e3 Nc6 8. Nc3
Nxc3 9. bxc3 O-O 10. O-O cxd4 11. cxd4 Bg4 12. Qb3 Na5 13. Qb4 Rc8 14. Ba3 Re8
15. Rac1 b6 16. Rxc8 Bxc8 17. Nd2 Bb7 18. Bxb7 Nxb7 19. Rc1 e5 20. Nf3 exd4 21.
Nxd4 Nc5 22. Rd1 Qf6 23. Qd2 Ne4 24. Qc2 Ng5 25. Rc1 Ne6 26. Nxe6 Qxe6 27. Qc6
Qxc6 28. Rxc6 Be5 29. Bd6 Kg7 30. Kf1 Re6 31. Bxe5+ Rxe5 32. Rc4 Kf6 33. Rc6+
Re6 34. Rxe6+ Kxe6 35. Ke2 Kd5 36. Kd3 b5 37. e4+ Kc5 38. f4 Kb4 39. Kd4 Ka3
40. Kc5 a6 41. Kd6 Kxa2 42. Ke7 b4 43. Kxf7 b3 44. e5 b2 45. e6 b1=Q 46. e7
Qf5+ 47. Kg8 Qe6+ 48. Kf8 Qf6+ 49. Ke8 Kb3 50. Kd7 Qf7 0-1

[Event "XV Festival Conca della Presolana A"]
[Site "Bratto - Castione della Presolana ITA"]
[Date "1995.08.??"]
[Round "1"]
[White "Bancod, Ronald"]
[Black "Garofalo, Pietro"]
[Result "1-0"]
[WhiteElo "2385"]
[BlackElo "2130"]
[PlyCount "35"]
[EventDate "1995.08.21"]

1.e4 e6 2.d3 d5 3.Nd2 Nf6 4.Ngf3 b6 5.c3 Bb7 6.e5 Ng8 7.d4 Nh6 8.Bd3 c5 9.
Nf1 Nf5 10.Ng3 Nxg3 11.hxg3 h6 12.g4 Rg8 13.g5 hxg5 14.Nxg5 Be7 15.Nxf7 
Qc7 16.Ng5 Bxg5 17.Bxg5 Nc6 18.Qh5+ 1-0

[Event "XV Festival Conca della Presolana A"]
[Site "Bratto - Castione della Presolana ITA"]
[Date "1995.08.??"]
[Round "1"]
[White "Barlocco, Carlo"]
[Black "Mazzotti, Carlo"]
[Result "1/2-1/2"]
[WhiteElo "2160"]
[BlackElo "1904"]
[PlyCount "93"]
[EventDate "1995.08.21"]

1.c4 Nf6 2.Nc3 e6 3.g3 d5 4.d4 Be7 5.Bg2 O-O 6.Nf3 c6 7.O-O dxc4 8.Ne5 
Nbd7 9.Nxc4 Nb6 10.Ne5 Nbd5 11.e4 Nxc3 12.bxc3 Qc7 13.Nc4 b6 14.Bf4 Qd8 
15.Qb3 Ba6 16.Rfd1 Rc8 17.Ne5 Bb7 18.Rab1 h6 19.Qa4 a6 20.c4 g5 21.Be3 Qc7
22.Qb3 c5 23.Qc2 Rfd8 24.f4 cxd4 25.Bxd4 Rxd4 26.Rxd4 Bc5 27.Rd1 Rd8 28.
Qf2 Rxd4 29.Rxd4 Bxe4 30.Kf1 Bxg2+ 31.Kxg2 Qb7+ 32.Kh3 Kg7 33.fxg5 hxg5 
34.Qd2 Bxd4 35.Qxg5+ Kf8 36.Qxf6 Bxe5 37.Qxe5 Qf3 38.Kh4 Qf2 39.h3 Qxa2 
40.Qd4 Qa5 41.g4 Qc5 42.Qe4 Qe7+ 43.Kg3 Qd6+ 44.Kf3 Qd1+ 45.Kg2 Qd2+ 46.
Kg3 Qd6+ 47.Kh4 1/2-1/2